000 00384nam a2200157 a 4500
005 20140414132136.0
008 131127s19uu xx 00 eng d
020 _a9781848795341
050 _aTR
_bSha529 2010
245 _aShapes.
260 _aChina :
_bMake Believe Ideas Ltd,
_cc2010.
300 _a14
440 _aMix and match
650 _aShapes-
_xbasic
999 _c115315
_d115315